[Event "35. DSenEM 50+"]
[Site "Bad Wildungen"]
[Date "2023.07.23"]
[Round "7.23"]
[White "Papenfuss, Kai"]
[Black "Rehbein, Ullrich"]
[Result "0-1"]
[WhiteElo "1726"]
[BlackElo "1768"]
[PlyCount "74"]
[EventDate "2023.??.??"]
[WhiteTeam "SV Bad Bevensen"]
[BlackTeam "SAbt TG 1949 Wehlheiden"]

1. e4 d5 2. exd5 Nf6 3. Bb5+ Bd7 4. Be2 Nxd5 5. d4 e6 6. Nf3 Bd6 7. c4 Bb4+ 8. Nbd2 Nf4 9. Bf1 O-O 10. g3 Ng6 11. Bg2 Bc6 12. a3 Be7 13. b4 a6 14. O-O Nd7 15. Qb3 Nf6 16. Re1 b5 17. Bb2 bxc4 18. Nxc4 Bd5 19. Qc2 Re8 20. Rac1 Ra7 21. Nce5 Qa8 22. Re3 Bd6 23. Qe2 a5 24. b5 a4 25. Nc6 Bxc6 26. Rxc6 Nd5 27. Rd3 h5 28. Ne5 Bxe5 29. dxe5 Nge7 30. Rc5 h4 31. Qh5 hxg3 32. Rxg3 Ng6 33. Rh3 Qd8 34. Be4 Ndf4 35. Qf3 Nxh3+ 36. Qxh3 Qd1+ 37. Kg2 Nf4+ 0-1

[Event "35. DSenEM 50+"]
[Site "Bad Wildungen"]
[Date "2023.07.24"]
[Round "8.1"]
[White "Cmiel, Thorsten"]
[Black "Willsch, Matthias"]
[Result "1/2-1/2"]
[WhiteElo "2038"]
[BlackElo "2097"]
[PlyCount "20"]
[EventDate "2023.??.??"]
[WhiteTeam "Koelner Schachklub Dr.Lasker 186"]
[BlackTeam "Preetzer TSV"]

1. c4 e6 2. Nf3 d5 3. e3 c5 4. cxd5 exd5 5. d4 Nf6 6. Be2 Nc6 7. O-O cxd4 8. Nxd4 Bd6 9. Nc3 O-O 10. b3 a6 1/2-1/2

[Event "35. DSenEM 50+"]
[Site "Bad Wildungen"]
[Date "2023.07.24"]
[Round "8.2"]
[White "Metz, Hartmut"]
[Black "Zude, Arno"]
[Result "1-0"]
[WhiteElo "2175"]
[BlackElo "2348"]
[PlyCount "65"]
[EventDate "2023.??.??"]
[WhiteTeam "SG Rochade Kuppenheim 1979 e.V."]
[BlackTeam "SV 1920 Hofheim"]

1. e4 e5 2. f4 exf4 3. Nf3 Nf6 4. e5 Nh5 5. Nc3 d5 6. d4 Nc6 7. Be2 g6 8. O-O Ng7 9. Bxf4 Be7 10. Qd2 Nf5 11. Nd1 Rg8 12. Ne3 g5 13. Nxf5 Bxf5 14. Be3 Be6 15. Ne1 Qd7 16. c3 O-O-O 17. b4 Rdf8 18. a4 f5 19. exf6 Rxf6 20. Rxf6 Bxf6 21. Nd3 b6 22. a5 h6 23. Bf2 Ne7 24. Qa2 Qc6 25. b5 Qb7 26. Bg3 Ng6 27. axb6 axb6 28. Rf1 Be7 29. Bh5 Kd8 30. Qe2 Bd7 31. Rf7 Ba3 32. Bxg6 Rxg6 33. Rxd7+ 1-0

[Event "35. DSenEM 50+"]
[Site "Bad Wildungen"]
[Date "2023.07.24"]
[Round "8.3"]
[White "Syre, Christian"]
[Black "Schatz, Christian"]
[Result "1/2-1/2"]
[WhiteElo "2169"]
[BlackElo "2168"]
[Annotator "hugo5"]
[PlyCount "26"]
[EventDate "2023.??.??"]
[WhiteTeam "SC Kreuzberg e.V."]
[BlackTeam "SC Postbauer-Heng e.V."]

1. d4 Nf6 2. c4 c5 3. Nf3 cxd4 4. Nxd4 b6 5. Nc3 Bb7 6. Bg5 e6 7. Ndb5 d6 8. Bf4 e5 9. Bg5 a6 10. Na3 Nbd7 11. e3 Be7 12. f3 O-O 13. Qe2 h6 {(=)} 1/2-1/2

[Event "35. DSenEM 50+"]
[Site "Bad Wildungen"]
[Date "2023.07.24"]
[Round "8.4"]
[White "Hoffmann, Michael"]
[Black "Jahn, Peter"]
[Result "1/2-1/2"]
[WhiteElo "1942"]
[BlackElo "2077"]
[PlyCount "68"]
[EventDate "2023.??.??"]
[WhiteTeam "Gardez Robe"]
[BlackTeam "Husumer SV von 1898"]

1. d4 e6 2. Nf3 d5 3. Bf4 Nf6 4. e3 Bd6 5. Bg3 O-O 6. Nbd2 c5 7. c3 Qc7 8. Bd3 Nbd7 9. Qe2 e5 10. dxe5 Nxe5 11. Nxe5 Bxe5 12. Bxe5 Qxe5 13. Nf3 Qe7 14. O-O c4 15. Bc2 Bg4 16. h3 Bxf3 17. Qxf3 b5 18. Rfe1 Rfe8 19. a3 a5 20. Red1 Rab8 21. Rd4 b4 22. axb4 axb4 23. Ba4 Rec8 24. Qd1 Qb7 25. cxb4 Qxb4 26. b3 Qc5 27. bxc4 dxc4 28. Rc1 c3 29. Qd3 g6 30. Bc2 Qa3 31. Rd1 Qa2 32. Ra4 Qe6 33. Ra3 Qe5 34. Ra4 Qe6 1/2-1/2

[Event "35. DSenEM 50+"]
[Site "Bad Wildungen"]
[Date "2023.07.24"]
[Round "8.5"]
[White "Heck, Norbert"]
[Black "Wacker, Peter"]
[Result "1-0"]
[WhiteElo "2199"]
[BlackElo "2285"]
[PlyCount "59"]
[EventDate "2023.??.??"]
[WhiteTeam "SF Neuberg"]
[BlackTeam "Klub Koelner Schachfreunde e. V."]

1. d4 d5 2. Nf3 Nf6 3. c4 e6 4. g3 Bb4+ 5. Bd2 Bd6 6. Bg2 c6 7. Qc2 Nbd7 8. O-O O-O 9. b3 Ne4 10. Nc3 Nxd2 11. Nxd2 f5 12. e3 a5 13. f4 Rb8 14. c5 Bc7 15. a3 b5 16. b4 g5 17. Nf3 gxf4 18. exf4 Nf6 19. Ne5 Bd7 20. Rfb1 a4 21. Qe2 Be8 22. Nxc6 Qd7 23. Nxb8 Bxb8 24. Bf1 Ne4 25. Nxb5 Qxb5 26. Qxb5 Bxb5 27. Bxb5 Nc3 28. Bd7 Nxb1 29. Bxe6+ Kg7 30. Rxb1 1-0

[Event "35. DSenEM 50+"]
[Site "Bad Wildungen"]
[Date "2023.07.24"]
[Round "8.6"]
[White "Lindam, Ingo"]
[Black "Schneider, Michael"]
[Result "1-0"]
[WhiteElo "2136"]
[BlackElo "2025"]
[Annotator "hugo5"]
[PlyCount "79"]
[EventDate "2023.??.??"]
[WhiteTeam "Schachclub Hilchenbach"]
[BlackTeam "SC Niefern-Oeschelbronn"]

1. d4 Nf6 2. c4 g6 3. g3 Bg7 4. Bg2 d5 5. cxd5 Nxd5 6. Nf3 O-O 7. O-O Nc6 8. Nc3 Nb6 9. e3 e5 10. d5 Na5 11. e4 c6 12. Nd2 cxd5 13. exd5 Nac4 14. Nxc4 Nxc4 15. b3 Qa5 16. Ne4 Nb6 17. Bd2 Qa3 18. Be3 (18. Bc3 Rd8 19. Nc5) 18... Rd8 19. Bc5 Qa6 20. d6 Bd7 21. Re1 Bc6 22. Bf1 Bb5 23. Bg2 Bc6 24. a4 Nd5 25. Bf1 Qa5 26. Rc1 Nf6 27. Nd2 b5 28. axb5 Bxb5 29. Ra1 Qc3 30. Rc1 Qa5 31. b4 Qa6 32. Bg2 e4 33. Nxe4 Nxe4 34. Bxe4 Rac8 35. Qf3 Bc6 36. Bxc6 Qxc6 37. Qxc6 Rxc6 38. Rcd1 Bf6 39. d7 h5 40. Bxa7 1-0

[Event "35. DSenEM 50+"]
[Site "Bad Wildungen"]
[Date "2023.07.24"]
[Round "8.7"]
[White "Baer, Marco"]
[Black "Bigott, Martin"]
[Result "1/2-1/2"]
[WhiteElo "2079"]
[BlackElo "1768"]
[Annotator "hugo5"]
[PlyCount "57"]
[EventDate "2023.??.??"]
[WhiteTeam "Schachclub Bayer Leverkusen e.V."]
[BlackTeam "Schachklub Koeln-Suedwest"]

1. Nf3 d5 2. d4 Nf6 3. g3 g6 4. Bg2 Bg7 5. O-O O-O 6. c4 c6 7. cxd5 cxd5 8. Ne5 Qb6 {(=)} 9. Nc3 e6 10. Na4 Qd8 11. Bg5 h6 12. Bf4 b6 13. Rc1 Bb7 14. Qb3 g5 15. Bd2 Nfd7 16. f4 Nxe5 17. fxe5 Nc6 18. e3 Qd7 19. Qd1 Ba6 20. Rf2 Bd3 {(=)} 21. Be1 Bg6 22. Bf1 Qb7 23. Qb3 Rfc8 24. Bd3 Bxd3 25. Qxd3 Bf8 26. Qf1 Nd8 27. Rfc2 Rxc2 28. Rxc2 Rc8 29. Qd3 1/2-1/2

[Event "35. DSenEM 50+"]
[Site "Bad Wildungen"]
[Date "2023.07.24"]
[Round "8.8"]
[White "Stern, Geoffrey"]
[Black "Schell, Franz Juergen"]
[Result "1/2-1/2"]
[WhiteElo "1959"]
[BlackElo "2069"]
[Annotator "hugo5"]
[PlyCount "55"]
[EventDate "2023.??.??"]
[WhiteTeam "Gambit Bonnevoie"]
[BlackTeam "Bramfelder SK 1947 e.V."]

1. d4 Nf6 2. Nc3 d5 3. Bf4 a6 4. e3 Bf5 5. f3 e6 6. g4 Bg6 7. h4 h5 8. g5 Nfd7 9. Bd3 Bxd3 10. Qxd3 g6 11. O-O-O Bg7 12. e4 c6 13. Nge2 Nb6 14. Be5 Bxe5 15. dxe5 Nc4 16. f4 Qe7 17. Kb1 Nd7 18. Nc1 O-O 19. Nb3 b5 20. exd5 cxd5 21. Ne4 Ndb6 22. Nf6+ Kg7 23. Rh2 Rfc8 24. f5 exf5 25. Re2 Rc6 26. Qd4 Re6 27. Rde1 Na4 28. c3 {(=)} 1/2-1/2

[Event "35. DSenEM 50+"]
[Site "Bad Wildungen"]
[Date "2023.07.24"]
[Round "8.9"]
[White "Kozlov, Oleksandr"]
[Black "von Kiedrowski, Klemens"]
[Result "1/2-1/2"]
[WhiteElo "1850"]
[BlackElo "2069"]
[PlyCount "64"]
[EventDate "2023.??.??"]
[BlackTeam "SAbt TG 1949 Wehlheiden"]

1. d4 e6 2. c4 f5 3. Nc3 Nf6 4. Nf3 Bb4 5. Qc2 b6 6. Bf4 Bb7 7. e3 Ne4 8. Bd3 O-O 9. h4 d6 10. Ng5 Bxc3+ 11. bxc3 Nxg5 12. Bxg5 Qe8 13. f3 h6 14. Bf4 e5 15. Bh2 exd4 16. Bf4 dxc3 17. Bxf5 Na6 18. Kf2 Nb4 19. Bh7+ Kh8 20. Qxc3 Nxa2 21. Rxa2 Kxh7 22. h5 a5 23. Rh3 Qe6 24. g4 Rae8 25. Rg3 Ba6 26. Rc2 Rf7 27. g5 hxg5 28. Rxg5 Qh3 29. Rc1 Bb7 30. Rg3 Qh2+ 31. Rg2 Qh3 32. Rg3 Qh2+ 1/2-1/2

[Event "35. DSenEM 50+"]
[Site "Bad Wildungen"]
[Date "2023.07.24"]
[Round "8.10"]
[White "Balzer, Lars"]
[Black "Dreke, Frank"]
[Result "1-0"]
[WhiteElo "2016"]
[BlackElo "1944"]
[PlyCount "75"]
[EventDate "2023.??.??"]
[WhiteTeam "OSG Baden-Baden"]
[BlackTeam "SV Mattnetz Berlin e.V."]

1. e4 c5 2. Nc3 e6 3. f4 d5 4. Bb5+ Bd7 5. exd5 exd5 6. Qe2+ Ne7 7. Nxd5 Nbc6 8. Nf3 a6 9. Bxc6 Bxc6 10. Nc3 Qc7 11. Ne5 f6 12. Nxc6 Qxc6 13. b3 O-O-O 14. Bb2 Nf5 15. O-O-O Nd4 16. Qe4 Qxe4 17. Nxe4 Ne2+ 18. Kb1 Nxf4 19. Nxf6 Nxg2 20. Nh5 Rg8 21. Rhg1 Rd5 22. Nxg7 Nh4 23. d3 Nf3 24. Rg3 Nxh2 25. Rh1 Bd6 26. Rh3 Rg5 27. Rxh7 Rg2 28. Bc3 Rf8 29. Re1 Rf7 30. Rh6 Kd7 31. Nh5 Ng4 32. Rg6 Rf5 33. Nf6+ Nxf6 34. Rxg2 Nd5 35. Bb2 c4 36. dxc4 Ne3 37. Rd2 Kc7 38. Rxd6 1-0

[Event "35. DSenEM 50+"]
[Site "Bad Wildungen"]
[Date "2023.07.24"]
[Round "8.11"]
[White "Arndt, Olaf"]
[Black "Porth, Hartmut"]
[Result "1/2-1/2"]
[WhiteElo "1871"]
[BlackElo "1954"]
[Annotator "hugo5"]
[PlyCount "47"]
[EventDate "2023.??.??"]
[WhiteTeam "Schachverein Horst-Emscher 31"]
[BlackTeam "SV Bargteheide"]

1. e4 Nc6 2. Nf3 d6 3. d4 Nf6 4. Nc3 g6 5. Bb5 Bd7 6. O-O Bg7 7. Re1 O-O 8. Bg5 h6 9. Bh4 a6 10. Bxc6 Bxc6 11. e5 dxe5 12. Nxe5 Bd5 13. Nxd5 Nxd5 14. c4 Nb6 15. Rc1 Bf6 16. Bxf6 exf6 17. Ng4 h5 18. Ne3 Re8 19. d5 Nd7 20. Qd4 Ne5 21. Rcd1 b6 22. b4 Qd6 23. Re2 Nd7 24. Rde1 {(=)} 1/2-1/2

[Event "35. DSenEM 50+"]
[Site "Bad Wildungen"]
[Date "2023.07.24"]
[Round "8.12"]
[White "Kopischke, Maik"]
[Black "Noldt, Torsten"]
[Result "1/2-1/2"]
[WhiteElo "1800"]
[BlackElo "1989"]
[Annotator "hugo5"]
[PlyCount "27"]
[EventDate "2023.??.??"]
[WhiteTeam "SG Weissensee 49 e.V."]
[BlackTeam "Elmshorner SC von 1896"]

1. Nf3 c5 2. c4 g6 3. Nc3 Bg7 4. g3 Nc6 5. Bg2 Nf6 6. O-O O-O 7. d3 d5 8. cxd5 Nxd5 9. Nxd5 Qxd5 10. Be3 Qd6 11. Qd2 b6 12. Bh6 Bb7 13. Bxg7 Kxg7 14. Rac1 {(=)} 1/2-1/2

[Event "35. DSenEM 50+"]
[Site "Bad Wildungen"]
[Date "2023.07.24"]
[Round "8.13"]
[White "Herold, Hansjoerg"]
[Black "Roettinger, Eugen"]
[Result "1/2-1/2"]
[WhiteElo "1836"]
[BlackElo "1965"]
[PlyCount "44"]
[EventDate "2023.??.??"]
[WhiteTeam "SV 23 Boeckingen"]
[BlackTeam "TG Biberach 1847 e.V."]

1. d4 Nf6 2. Bf4 d6 3. Nf3 c5 4. dxc5 Qa5+ 5. Nbd2 Qxc5 6. Nb3 Qb4+ 7. Qd2 Nc6 8. e3 g6 9. O-O-O Bg7 10. Qxb4 Nxb4 11. Bb5+ Nd7 12. a3 Nc6 13. e4 a6 14. Bc4 Nb6 15. Bd5 Bd7 16. Rhe1 Na4 17. e5 O-O 18. Bxc6 Bxc6 19. Nbd4 Bxf3 20. Nxf3 dxe5 21. Bxe5 Bxe5 22. Rxe5 Rab8 1/2-1/2

[Event "35. DSenEM 50+"]
[Site "Bad Wildungen"]
[Date "2023.07.24"]
[Round "8.14"]
[White "Koschetzki, Christian"]
[Black "Gerks, Joachim"]
[Result "1-0"]
[WhiteElo "1950"]
[BlackElo "1765"]
[PlyCount "35"]
[EventDate "2023.??.??"]
[WhiteTeam "SVG Salzgitter e.V."]
[BlackTeam "SK Norderstedt von 1975"]

1. f4 d5 2. Nf3 c5 3. e3 a6 4. Be2 Nc6 5. b3 e6 6. Bb2 Nf6 7. O-O Bd6 8. d4 O-O 9. Ne5 Ne4 10. Nd2 Nxd2 11. Qxd2 Qc7 12. Rac1 f6 13. Nxc6 Qxc6 14. c4 dxc4 15. Bxc4 Qb6 16. Kh1 Rd8 17. Qc2 Kh8 18. Bd3 1-0

[Event "35. DSenEM 50+"]
[Site "Bad Wildungen"]
[Date "2023.07.24"]
[Round "8.15"]
[White "Goeldenboog, Juergen"]
[Black "Schmitt, Carsten"]
[Result "0-1"]
[WhiteElo "1984"]
[BlackElo "1875"]
[Annotator "hugo5"]
[PlyCount "140"]
[EventDate "2023.??.??"]
[WhiteTeam "Schachverein Horst-Emscher 31"]
[BlackTeam "SV Bergwinkel"]

1. d4 Nf6 2. c4 e6 3. Nf3 Bb4+ 4. Bd2 Qe7 5. a3 Bxd2+ 6. Nbxd2 d6 7. e4 e5 8. d5 O-O 9. Bd3 Nh5 10. Nf1 Nf4 11. Ne3 a5 12. g3 Nxd3+ 13. Qxd3 a4 14. Nd2 Na6 15. b4 axb3 16. Nxb3 b6 17. O-O Bh3 18. Rfe1 Qg5 19. Ng2 Bxg2 20. Kxg2 f5 21. exf5 Rxf5 22. h4 Qf6 23. f3 Rf8 24. Rf1 e4 25. fxe4 Rf2+ 26. Kg1 Qb2 27. Rxf2 Rxf2 28. Qe3 Rg2+ 29. Kf1 Rh2 30. Qf3 Nc5 31. Kg1 Qxb3 32. Qg4 Rf2 33. Kxf2 Qb2+ 34. Ke3 Qc3+ 35. Ke2 Qxc4+ 36. Kf3 Qc3+ 37. Kg2 Qb2+ 38. Kh3 Qxa1 39. Qc8+ Kf7 40. Qxc7+ Kg6 41. Qxd6+ Qf6 42. Qb8 Nd3 43. Qe8+ Kh6 44. Qc6 Qxc6 45. dxc6 Nf2+ 46. Kg2 Nxe4 47. Kf3 Nd6 48. Kf4 Kh5 49. Ke5 Nc8 50. Ke6 Kg4 51. Kd7 Na7 52. Kc7 Kxg3 53. Kxb6 Nxc6 54. Kxc6 Kxh4 55. a4 g5 56. a5 g4 57. a6 g3 58. a7 g2 59. a8=Q g1=Q 60. Qd8+ {(=)} Qg5 61. Qd4+ Kh5 62. Qd1+ Kh6 63. Qh1+ Kg7 64. Kd6 Qh6+ 65. Qxh6+ Kxh6 66. Ke5 Kg5 67. Ke4 Kg4 68. Ke3 Kg3 69. Ke2 Kg2 70. Ke3 h5 0-1

[Event "35. DSenEM 50+"]
[Site "Bad Wildungen"]
[Date "2023.07.24"]
[Round "8.17"]
[White "Fiedler, Wolfgang"]
[Black "Birkholz, Axel"]
[Result "1-0"]
[WhiteElo "1981"]
[BlackElo "1843"]
[PlyCount "117"]
[EventDate "2023.??.??"]
[WhiteTeam "SC Schwarz-Weiss Nuernberg Sued"]
[BlackTeam "SR Spaichingen"]

1. f4 e5 2. fxe5 d6 3. exd6 Bxd6 4. Nf3 g5 5. g3 g4 6. Nh4 Ne7 7. d4 Ng6 8. Nxg6 hxg6 9. Qd3 c5 10. dxc5 Qa5+ 11. Nc3 Bxc5 12. Qb5+ Qxb5 13. Nxb5 Na6 14. Bf4 Bd7 15. e4 Bc6 16. O-O-O O-O 17. Re1 Bf2 18. Re2 Bc5 19. Nc3 Rfe8 20. Bg2 Bb4 21. e5 Bxg2 22. Rxg2 Bxc3 23. bxc3 Rac8 24. h3 gxh3 25. Rxh3 f6 26. Rgh2 g5 27. Be3 Kf7 28. Rh7+ Ke6 29. exf6 Kxf6 30. Bd4+ Kf5 31. Rxb7 Rc7 32. Rxa7 Rxa7 33. Bxa7 Nc7 34. Bd4 Ra8 35. Rh7 Nd5 36. c4 Nb4 37. c3 Nc6 38. Rc7 Ra6 39. Kb2 Ke4 40. Rg7 Nxd4 41. cxd4 Kxd4 42. Rxg5 Kxc4 43. Rg4+ Kd3 44. a4 Ra8 45. Rb4 Kd2 46. g4 Ra5 47. Kb3 Kd3 48. Rb5 Ra8 49. Rd5+ Ke4 50. Rb5 Rh8 51. Kb4 Rh1 52. Kc5 Rg1 53. a5 Ra1 54. Kb6 Kf4 55. g5 Re1 56. a6 Re6+ 57. Ka5 Re1 58. a7 Rh1 59. Rb4+ 1-0

[Event "35. DSenEM 50+"]
[Site "Bad Wildungen"]
[Date "2023.07.24"]
[Round "8.18"]
[White "Domnick, Michael"]
[Black "Fabig, Holger"]
[Result "1/2-1/2"]
[WhiteElo "1742"]
[BlackElo "1928"]
[PlyCount "100"]
[EventDate "2023.??.??"]
[WhiteTeam "Turnverein Witzhelden 1884 e. V."]
[BlackTeam "SK Marmstorf GW Harburg"]

1. d4 b6 2. Nf3 Bb7 3. g3 e6 4. Bg2 f5 5. O-O Nf6 6. Bg5 Be7 7. c4 d6 8. Nc3 Nbd7 9. b4 Ne4 10. Bxe7 Qxe7 11. Nxe4 Bxe4 12. Rc1 O-O 13. Nh4 Bxg2 14. Nxg2 e5 15. e3 Kh8 16. a3 Rf6 17. Qf3 e4 18. Qe2 Rh6 19. h4 g5 20. c5 gxh4 21. cxd6 cxd6 22. Rc7 Rg8 23. Rfc1 hxg3 24. fxg3 Rxg3 25. Rc8+ Rg8 26. Rxg8+ Kxg8 27. Rc8+ Nf8 28. Qc4+ Qe6 29. Qc2 Rg6 30. Kf2 Rg7 31. Nf4 Qf6 32. Qc4+ Kh8 33. Ke2 h5 34. Nxh5 Qe7 35. Nxg7 Qxg7 36. Ke1 Qh6 37. Qe2 Qh1+ 38. Kf2 Kg7 39. Rc3 Ne6 40. Qf1 Qh4+ 41. Ke2 f4 42. Qg2+ Kf6 43. Qxe4 Qh2+ 44. Kf1 Qh3+ 45. Qg2 Qxg2+ 46. Kxg2 fxe3 47. Rxe3 Nxd4 48. Kf1 a5 49. bxa5 bxa5 50. Re8 Nb5 1/2-1/2

[Event "35. DSenEM 50+"]
[Site "Bad Wildungen"]
[Date "2023.07.24"]
[Round "8.19"]
[White "Bauer, Werner"]
[Black "Schneider, Birgit"]
[Result "1-0"]
[WhiteElo "1813"]
[BlackElo "1829"]
[PlyCount "139"]
[EventDate "2023.??.??"]
[WhiteTeam "SV Weiss-Blau Allianz Muenchen"]
[BlackTeam "SC Niefern-Oeschelbronn"]

1. Nf3 d5 2. c4 e6 3. g3 Nf6 4. Bg2 c5 5. O-O Nc6 6. cxd5 exd5 7. d4 Be7 8. dxc5 Bxc5 9. a3 O-O 10. b4 Be7 11. Bb2 Be6 12. Nc3 a6 13. Rc1 Rc8 14. Na4 Ne4 15. Nd4 Nxd4 16. Bxd4 Rxc1 17. Qxc1 Qd7 18. Nc3 Rc8 19. Qb2 Nxc3 20. Bxc3 Bf8 21. e3 Rc4 22. Rc1 Qc8 23. Bf1 Rc6 24. Bd2 Rxc1 25. Qxc1 Bd6 26. Qxc8+ Bxc8 27. Bg2 Be6 28. Bc3 Kf8 29. Kf1 f6 30. e4 dxe4 31. Bxe4 Bc8 32. Bxh7 f5 33. Bg6 f4 34. Ke2 fxg3 35. hxg3 a5 36. Kd3 axb4 37. Bxb4 Ke7 38. Kd4 Bd7 39. Be4 Bc8 40. Bxd6+ Kxd6 41. f3 b6 42. f4 Bg4 43. Bb7 Bh3 44. Bf3 Bd7 45. g4 Be8 46. Be4 Bf7 47. f5 Bg8 48. Bd3 Bf7 49. Bc4 Be8 50. g5 Bh5 51. g6 Ke7 52. Ke5 Kf8 53. Kd6 Bf3 54. Bd5 Bg4 55. Be4 Be2 56. Kc6 b5 57. Kd6 Bf1 58. Ke6 Bc4+ 59. Bd5 Bd3 60. Bc6 Bc4+ 61. Kd6 Bd3 62. Bd7 Be2 63. Kc5 Ke7 64. Bxb5 Bg4 65. Bd3 Bf3 66. a4 Bd1 67. a5 Kd7 68. f6 Bb3 69. fxg7 Ke7 70. Bc4 1-0

[Event "35. DSenEM 50+"]
[Site "Bad Wildungen"]
[Date "2023.07.24"]
[Round "8.20"]
[White "Schaefer, Lutz"]
[Black "Warnk, Torsten"]
[Result "1-0"]
[WhiteElo "1841"]
[BlackElo "1733"]
[PlyCount "75"]
[EventDate "2023.??.??"]
[WhiteTeam "SV Vimbuch"]
[BlackTeam "Sges Bensheim 1931"]

1. Nf3 d5 2. b3 Nf6 3. Bb2 Nbd7 4. e3 g6 5. c4 c6 6. d4 Bg7 7. Nbd2 O-O 8. Bd3 Re8 9. O-O e5 10. dxe5 Ng4 11. Nd4 Ngxe5 12. Be2 dxc4 13. bxc4 c5 14. Nb5 Nb6 15. Qc2 Bf5 16. e4 Be6 17. Rad1 a6 18. Nc3 Nc6 19. Nd5 Nd4 20. Bxd4 Bxd4 21. Nb3 Bxd5 22. cxd5 Qe7 23. Nxd4 Qxe4 24. Qb3 Qxd5 25. Qxb6 cxd4 26. Bf3 Qxa2 27. Rxd4 Rab8 28. Bd5 Qc2 29. Bb3 Qc3 30. Rd7 Re1 31. Bxf7+ Kh8 32. Rd1 Rxf1+ 33. Rxf1 Qg7 34. Bb3 Rf8 35. Rd1 h6 36. g3 h5 37. Qe3 Qf6 38. Qh6# 1-0

[Event "35. DSenEM 50+"]
[Site "Bad Wildungen"]
[Date "2023.07.24"]
[Round "8.21"]
[White "Hafenstein, Andrea"]
[Black "Papenfuss, Kai"]
[Result "1/2-1/2"]
[WhiteElo "1799"]
[BlackElo "1726"]
[Annotator "hugo5"]
[PlyCount "175"]
[EventDate "2023.??.??"]
[WhiteTeam "Rodewischer Schachmiezen"]
[BlackTeam "SV Bad Bevensen"]

1. e4 c5 2. Nf3 e6 3. g3 d5 4. exd5 exd5 5. d4 Bg4 6. Bg2 Nf6 7. O-O cxd4 8. Qxd4 Nc6 9. Qa4 Be7 10. h3 Bd7 11. Qb3 O-O 12. c3 Na5 13. Qc2 Qc8 14. Kh2 Bf5 15. Qd1 Nc4 16. Nbd2 Bd3 17. Re1 Bc5 18. Nxc4 dxc4 19. Be3 Re8 20. Nd4 Ne4 21. Qf3 Nd6 22. Qf4 Be4 23. f3 Bd3 24. Bf1 Bxf1 25. Rxf1 f6 26. Rad1 Nf7 27. Bf2 Bd6 28. Qf5 Bc5 29. Qxc8 Raxc8 30. f4 Nd6 31. Nf3 Re2 32. Kg1 Rxf2 33. Rxf2 Ne4 34. Nd4 Nxf2 35. Kxf2 Re8 36. Kf3 g6 37. Rd2 Kf7 38. g4 a6 39. f5 Re1 40. Ne6 Re3+ 41. Kg2 Rd3 42. Rxd3 cxd3 43. Kf1 Be3 44. Nd8+ Ke7 45. Nxb7 Bb6 46. c4 Bd4 47. b3 Kd7 48. b4 Kc6 49. Na5+ Kd6 50. Nb3 Bc3 51. a3 gxf5 52. gxf5 Ke5 53. Nc5 Kd4 54. Kf2 Kxc4 55. Nxa6 Bd4+ 56. Ke1 Bc3+ 57. Kd1 Kb3 58. Nc5+ Kxa3 59. Nxd3 Bxb4 60. Ke2 Bd6 61. Kf3 Kb3 62. Nf2 Kc4 63. Ke4 Ba3 64. Ng4 Bd6 65. Nf2 Ba3 66. Ng4 Bb2 67. Nh6 Bc1 68. Nf7 Kc5 69. Nd8 Kd6 70. Ne6 Bd2 71. Nf8 h6 72. Ng6 Be1 73. Nh8 Bd2 74. Ng6 Be1 75. Nf4 Bd2 76. Nd3 Bg5 77. Nf2 Bh4 78. Nd3 Bg5 79. Nf2 Bh4 80. Nd3 Bg5 81. Ne1 Bd2 82. Nf3 Bc1 83. Nh4 Bg5 84. Nf3 Bc1 85. Nh2 Bg5 86. Kd4 Bh4 87. Ke4 Bg5 88. Nf3 1/2-1/2

[Event "35. DSenEM 50+"]
[Site "Bad Wildungen"]
[Date "2023.07.24"]
[Round "8.22"]
[White "Lebioda-Dette, Kordula"]
[Black "Gaul, Karl-Heinz"]
[Result "1/2-1/2"]
[WhiteElo "1701"]
[BlackElo "1535"]
[Annotator "hugo5"]
[PlyCount "70"]
[EventDate "2023.??.??"]
[WhiteTeam "SF Essen-Werden 1924/80"]
[BlackTeam "SC Schwarz-Weiss Lichtenrade e.V"]

1. e4 e6 2. d4 c5 3. c3 Nf6 4. Bd3 b6 5. Bg5 h6 6. Bh4 cxd4 7. cxd4 g5 8. Bg3 Bb7 9. Nc3 Bb4 10. Qe2 Nc6 11. Nf3 g4 12. Nd2 Nxd4 13. Qd1 Nh5 14. Be5 Nc6 15. Bxh8 Qg5 16. Ne2 f6 17. a3 Bd6 18. Nc4 Bc7 19. g3 Ke7 20. Bxf6+ Nxf6 21. Qd2 Qg7 22. O-O-O b5 23. Ne3 Ba5 24. Qc2 Rc8 25. Kb1 Nd4 26. Nxd4 Rxc2 27. Ndf5+ exf5 28. Nxf5+ Kf7 29. Nxg7 Rxf2 30. Nf5 Nxe4 31. Nxh6+ Kg7 32. Nxg4 Nd2+ 33. Ka1 Rf8 34. Bxb5 Bxh1 35. Rxh1 Rb8 {(=)} 1/2-1/2

[Event "35. DSenEM 50+"]
[Site "Bad Wildungen"]
[Date "2023.07.24"]
[Round "8.23"]
[White "Fink, Wolfgang"]
[Black "Stolzenwald, Frank"]
[Result "1/2-1/2"]
[WhiteElo "1770"]
[BlackElo "1285"]
[PlyCount "98"]
[EventDate "2023.??.??"]
[WhiteTeam "Fit, Step by Step e.V."]
[BlackTeam "TSG Turn- und Sportgemeinschaft"]

1. d4 d6 2. e4 e6 3. f4 b6 4. Nf3 Ba6 5. Bd3 c5 6. c3 c4 7. Bc2 f6 8. O-O Nd7 9. Qe2 Qc7 10. Be3 e5 11. fxe5 dxe5 12. Nbd2 Bd6 13. d5 b5 14. a3 Ne7 15. Nh4 Bc5 16. Kh1 Bxe3 17. Qxe3 Qb6 18. Qe2 O-O-O 19. Qf3 g5 20. Nf5 Nxf5 21. Qxf5 Rde8 22. Rfe1 Kc7 23. b4 Bc8 24. Qf1 h5 25. a4 a6 26. axb5 axb5 27. Ra5 Bb7 28. Rea1 Ra8 29. Qe1 Rxa5 30. bxa5 Qa7 31. Nf1 Nc5 32. Ne3 Bc8 33. Nf5 Bxf5 34. exf5 Kd6 35. Qe3 Rh7 36. Qf3 Qa8 37. Kg1 g4 38. Qe2 Ra7 39. h3 Rxa5 40. Rd1 Ra1 41. Bb1 Qa7 42. Kh2 Na4 43. Qd2 Ra3 44. Qh6 g3+ 45. Kh1 Qe7 46. Qh8 Nxc3 47. Qb8+ Qc7 48. Qf8+ Qe7 49. Qb8+ Qc7 1/2-1/2

[Event "35. DSenEM 50+"]
[Site "Bad Wildungen"]
[Date "2023.07.25"]
[Round "9.1"]
[White "Metz, Hartmut"]
[Black "Cmiel, Thorsten"]
[Result "1/2-1/2"]
[WhiteElo "2175"]
[BlackElo "2038"]
[Annotator "hugo5"]
[PlyCount "50"]
[EventDate "2023.??.??"]
[WhiteTeam "SG Rochade Kuppenheim 1979 e.V."]
[BlackTeam "Koelner Schachklub Dr.Lasker 186"]

{[%evp 0,50,29,18,30,33,48,22,39,24,50,50,44,44,54,54,59,59,65,65,69,65,69,83,100,100,103,99,116,111,126,114,114,110,114,76,101,88,87,76,79,79,81,84,94,76,87,22,24,21,54,58,72]} 1. e4 e6 2. d4 d5 3. Nd2 Be7 4. c3 dxe4 5. Nxe4 Nf6 6. Nxf6+ Bxf6 7. Nf3 b6 8. Bb5+ c6 9. Bd3 Bb7 10. O-O Qc7 11. Ng5 Ba6 12. Bxa6 Nxa6 13. Ne4 Be7 14. Qg4 Rg8 15. Bf4 Qd7 16. a4 O-O-O 17. Qe2 Kb7 18. b4 Nc7 19. Bxc7 Qxc7 20. a5 b5 21. a6+ Kc8 22. Rfd1 Rd5 {(=)} 23. c4 bxc4 24. Qxc4 Kd7 25. Nc5+ Ke8 {(=)} 1/2-1/2

[Event "35. DSenEM 50+"]
[Site "Bad Wildungen"]
[Date "2023.07.25"]
[Round "9.2"]
[White "Willsch, Matthias"]
[Black "Hoffmann, Michael"]
[Result "0-1"]
[WhiteElo "2097"]
[BlackElo "1942"]
[PlyCount "116"]
[EventDate "2023.??.??"]
[WhiteTeam "Preetzer TSV"]
[BlackTeam "Gardez Robe"]

{[%evp 0,82,28,29,20,24,36,0,11,10,19,8,16,21,1,14,20,40,30,23,10,3,0,0,5,26,42,-27,-10,11,116,127,112,18,97,107,109,79,96,78,81,51,54,67,-13,-4,34,-11,-220,-397,-392,-392,-350,-383,-387,-387,-387,-392,-306,-303,-305,-302,-238,-317,-271,-314,-286,-280,-286,-320,-327,-351,-327,-330,-314,-321,-273,-333,-281,-273,-277,-273,-273,-271,-280]} 1. d4 d5 2. Nf3 Nf6 3. g3 e6 4. Bg2 Be7 5. O-O O-O 6. c4 dxc4 7. Qc2 c6 8. Qxc4 b5 9. Qc2 Bb7 10. Rd1 Nbd7 11. Nc3 Rc8 12. Ne5 Qc7 13. Nd3 Qb6 14. b4 e5 15. dxe5 Ng4 16. Ne4 Ngxe5 17. Be3 c5 18. Nxe5 Nxe5 19. Nxc5 Bxg2 20. Kxg2 Rfe8 21. Kg1 Ng4 22. Rd3 Qg6 23. Qb3 Qh5 24. Qd5 Qxh2+ 25. Kf1 Bf6 26. Rad1 Rxe3 27. Qg2 Rxd3 28. Rxd3 Qxg2+ 29. Kxg2 Ne5 30. Ra3 Rc7 31. Ne4 Nc4 32. Rd3 Kf8 33. Rd5 a6 34. Nc5 Rc6 35. Rd7 Be7 36. Nd3 Ke8 37. Ra7 g6 38. e4 h5 39. Ra8+ Kd7 40. Ra7+ Ke8 41. Ra8+ Bd8 42. Nc5 Ke7 43. f4 Bb6 44. Rxa6 Kd6 45. Nd3 Rc7 46. Ne5 Rb7 47. a4 Nxe5 48. fxe5+ Kxe5 49. a5 Bd4 50. Kf3 Rc7 51. Ra8 Rc3+ 52. Kg2 Rc2+ 53. Kh3 Rb2 54. a6 Ra2 55. Re8+ Kf6 56. Rb8 Rxa6 57. Rxb5 Rb6 58. e5+ Ke6 0-1